ბათუმის შოთა რუსთაველის სახელმწიფო უნივერსიტეტის ბიბლიოთეკა

ერები და ნაციონალიზმი 1780 წლიდან (ბიბ.ჩანაწერი № 51528)

000 -LEADER
fixed length control field 01151nam a2200265Ia 4500
001 - CONTROL NUMBER
control field 18518
003 - CONTROL NUMBER IDENTIFIER
control field GE_BSU
008 - FIXED-LENGTH DATA ELEMENTS--GENERAL INFORMATION
fixed length control field 181216s||||||||xx |||||||||||||| ||und||
020 ## - INTERNATIONAL STANDARD BOOK NUMBER
International Standard Book Number ISBN 978-9941-18-077-4
040 ## - CATALOGING SOURCE
Transcribing agency GE_BSU
100 ## - MAIN ENTRY--PERSONAL NAME
Personal name ჰობსბაუმი, ერიკ.
245 ## - TITLE STATEMENT
Title ერები და ნაციონალიზმი 1780 წლიდან
245 ## - TITLE STATEMENT
Remainder of title პროგრამა, მითი, რეალობა
245 ## - TITLE STATEMENT
Statement of responsibility, etc. მთარგმნ. სანდრო გაბისონია ; რედ.: ლიანა გოგიჩაიშვილი [და სხვ.]]
260 ## - PUBLICATION, DISTRIBUTION, ETC.
Place of publication, distribution, etc. თბილისი
260 ## - PUBLICATION, DISTRIBUTION, ETC.
Name of publisher, distributor, etc. ილიას სახელმწ. უნ-ტი,
260 ## - PUBLICATION, DISTRIBUTION, ETC.
Date of publication, distribution, etc. 2012
300 ## - PHYSICAL DESCRIPTION
Extent 262გვ, 22სმ.
300 ## - PHYSICAL DESCRIPTION
Other physical details ბიბლიოგრ. ტექსტ. შენიშვნ.
653 ## - INDEX TERM--UNCONTROLLED
Uncontrolled term ერები და ნაციონალიზმი 1780 წლიდან
653 ## - INDEX TERM--UNCONTROLLED
Uncontrolled term ნაციონალიზმი; ეროვნული საკითხი;
653 ## - INDEX TERM--UNCONTROLLED
Uncontrolled term პოლიტიკა
942 ## - ADDED ENTRY ELEMENTS (KOHA)
Koha item type წიგნი
ეგზემპლარები
Withdrawn status Lost status Damaged status Not for loan Date acquired Barcode Date last seen Price effective from Koha item type
        2018-12-17 47895 2018-12-17 2018-12-17 წიგნი
        2018-12-17 47896 2018-12-17 2018-12-17 წიგნი